000
00316nam a22001097a 4500
082
_a
330.95491
245
_a
Economic Survey 1998-1999
_c
Finance Division, Govt of Pakistan
260
_a
Islamabad
_b
Economic Advisor's Wing
_c
1999
300
_a
163p
942
_2
ddc
_c
BK
999
_c
586405
_d
586405